The ASP.NET 2.0 anthology 101 essential tips, tricks and hacks (Record no. 35486)
[ view plain ]
| 000 -LEADER | |
|---|---|
| fixed length control field | 00420nam a2200157Ia 4500 |
| 020 ## - INTERNATIONAL STANDARD BOOK NUMBER | |
| ISBN | 978- 0- 9802858- 1- 9 |
| 050 ## - CALL MARK | |
| Classification number | TK 5105.8885.A26 .P7885/ |
| 100 ## - STATEMENT OF RESPONSIBILITY--MAIN AUTHOR NAME | |
| Personal name | Scott Allen |
| 245 #4 - TITLE STATEMENT | |
| Title | The ASP.NET 2.0 anthology 101 essential tips, tricks and hacks |
| 260 ## - PUBLICATION, DISTRIBUTION, ETC. (IMPRINT) | |
| Name of publisher | Sitepoint pty. Ltd |
| 260 ## - PUBLICATION, DISTRIBUTION, ETC. (IMPRINT) | |
| Year of publication | 2007 |
| 300 ## - PHYSICAL DESCRIPTION | |
| Number of Pages | 572 p |
| 942 ## - ADDED ENTRY ELEMENTS (KOHA) | |
| Koha item type | Books |
| Withdrawn status | Lost status | Source of classification or shelving scheme | Damaged status | Not for loan | Permanent Location | Current Location | Date acquired | Accession Number | Price effective from | Koha item type |
|---|---|---|---|---|---|---|---|---|---|---|
| Library of Congress Classification | NILE UNIVERSITY OF NIGERIA - MAIN LIBRARY | NILE UNIVERSITY OF NIGERIA - MAIN LIBRARY | 04/23/2025 | 0009970 | 04/23/2025 | Books |